Регионална библиотека "Любен Каравелов" - Русе

Концерт для скрипки с оркестром (Запис номер 527641)

MARC детайли
000 -Лидер
Лидер 01519njm a2200337 c 4500
003 - Код на организацията, давaща контролен номер
Код на организацията, даваща контролен номер BLK
005 - Дата и час на последна редакция
Дата и час на последна редакция 20250228112157.0
007 - Фиксирано поле за физическо описани
Физическо описание sd ammalaaahaa
008 - Елементи от данни с фиксирана дължина
Елементи с фиксирана дължина 180413b bul||n|| |||||||| n|bulo|
028 ## - PUBLISHER NUMBER
Издателски номер С10 17173-4
040 ## - Източник на каталожния запис
Код на библиотеката BLK
041 ## - Код за език
Език на записа Руски
Език за КДБФ Руски
080 ## - УДК
УДК текст Концерт за цигулка и оркестър
УДК код 785.6:787.1
УДК – определител (086.72)
УДК – код + определител 785.6:787.1(086.72)
100 1# - Редна дума - Автор
R(LIN) 222638
Автор Хачатурян, Арам
245 ## - Сведения за заглавието
Подзаглавни данни ре минор
Заглавие Концерт для скрипки с оркестром
Авторска отговорност Арам Хачатурян; Гос. академ. симфонический оркестр СССР, дир. Евгений Светланов; Валерий Климов, скрипка
260 ## - Област на издателските данни
Място на издаване Москва
Име на издателя Мелодия
Година на издаване 1982
9 (RLIN) 210743
300 ## - Физическа характеристика
Брой страници 1 грамофонна плоча
Илюстрации 33 об/мин, двустранна, стерео
Размер 30 см
380 ## - Жанр
Жанр Изкуство
500 ## - Общи забележки
Обща забележка Сторона 1:<br/>1. Allegro con fermezza - 14:19<br/>
500 ## - Общи забележки
Обща забележка Сторона 2:<br/>2. Andante sostenuto - 12:00<br/>3. Allegro vivace - 10:01<br/>
653 ## - Ключова дума – ненормативна
9 (RLIN) 496688
Ключови думи концерти за цигулка
700 ## - Други автори (авторска отговорност)
9 (RLIN) 495321
Друг автор Климов, Валерий
700 ## - Други автори (авторска отговорност)
9 (RLIN) 315710
Друг автор Светланов, Евгений Федорович
852 ## - Местоположение
Сигнатура (форматна) Ф ІІ 6593
856 4# - Електронен адрес и достъп
Електронен формат pdf - файл
Път до файла (ресурса)
Инструкция (цена за достъп) 0.00
Права за достъп disable
856 4# - Електронен адрес и достъп
Електронен формат pdf - файл
Път до файла (ресурса)
Инструкция (цена за достъп) 0.00
Права за достъп disable
942 ## - АРТИКУЛИ
Вид на библиотечния документ Грамофонни плочи
Скрит в OPAC Не
944 ## - СЪЗДАВАНЕ И РЕДАКЦИЯ на ЗАПИСА
Дата на регистрацията/редакция Вася Ганчева
Служител, извършил регистрацията/редакцията 30549
Статус, дата на статуса Вася Ганчева
Създаване/Редакция
944 ## - СЪЗДАВАНЕ И РЕДАКЦИЯ на ЗАПИСА
Създаване/Редакция Редакция
Дата на регистрацията/редакция 02.02.2004
944 ## - СЪЗДАВАНЕ И РЕДАКЦИЯ на ЗАПИСА
Създаване/Редакция Редакция
Дата на регистрацията/редакция 20.12.2024
999 ## - СИСТЕМНИ КОНТРОЛНИ НОМЕРА
Koha biblionumber 527641
Koha biblioitemnumber 527641
Наличности
Код за отписване Код за изгубен артикул Източник на класификационната схема Код за повреда Код за отдаване Артикулен № Име на библиотеката - собственик Име на библиотеката, в която се намира в момента Статус (Текущо местоположение) Дата на вписване в системата Местоположение - отдел Цена в лева Инвентарен номер Систематично азбучна сигнатура Баркод Цена в евро Служебен тип на артикула
  Не е изгубен Universal Decimal Classification Не е повреден ползва се в читалня 961768 Регионална библиотека "Любен Каравелов" Русе Регионална библиотека "Любен Каравелов" Русе Хранилище 2025-02-28 Основен фонд - ползва се само за читалня 3.00 19427 Ф ІІ 6593 900000114224 1.53 Грамофонни плочи
Vip Innovations Ltd, Rousse, Bulgaria 2025